书目信息 |
| 题名: |
中国烟草史
|
|
| 作者: | 班凯乐 著 ;皇甫秋实 译 | |
| 分册: | ||
| 出版信息: | 北京 北京大学出版社 2018 |
|
| 页数: | 370页 | |
| 开本: | 26cm | |
| 丛书名: | 先声文丛 | |
| 单 册: | ||
| 中图分类: | F426.89 | |
| 科图分类: | ||
| 主题词: | 烟草工业--yan cao gong ye--工业史--中国 | |
| 电子资源: | ||
| ISBN: | 978-7-301-29467-3 | |
| 000 | 01730nam 2200289 450 | |
| 001 | 1949261788 | |
| 005 | 20180824085452.8 | |
| 010 | @a978-7-301-29467-3@b精装@dCNY 75.00 | |
| 099 | @aCAL 012018100007 | |
| 100 | @a20180824d2018 em y0chiy50 ea | |
| 101 | 1 | @achi@ceng |
| 102 | @aCN@b110000 | |
| 105 | @aab a 001yy | |
| 200 | 1 | @a中国烟草史@Azhong guo yan cao shi@d= Golden-silk smoke a history of tobacco in China 1550-2010@f(美) 班凯乐著@g皇甫秋实译@zeng |
| 210 | @a北京@c北京大学出版社@d2018 | |
| 215 | @a370页@c图, 地图@d26cm | |
| 225 | 2 | @a先声文丛@Axian sheng wen cong |
| 320 | @a有书目 (第311-349页) 和索引 | |
| 330 | @a本书获美国历史学会2011年费正清奖,是一部广受业内外好评的佳作。 作者讲述了新大陆的烟草从16世纪传入中国,开始在中国开始商业种植以来的传播历程。从水烟,烟枪,到手卷烟和现代烟草工业,是一段非常迷人的大众消费和全球经济形成的历史。作者利用了广泛的材料,如笔记、医案、游记、清诗、晚清以来的报纸、民国小说、香烟广告等等,展示了烟草文化在中国的形成,以及中国如何融进世界市场。本书获美国历史学会2011年费正清奖,是一部广受业内外好评的佳作。作者讲述了新大陆的烟草从16世纪传入中国,开始在中国开始商业种植以来的传播历程。从水烟,烟枪,到手卷烟和现代烟草工业,是一段非常迷人的大众消费和全球经济形成的历史。作者利用了广泛的材料,如笔记、医案、游记、清诗、晚清以来的报纸、民国小说、香烟广告等等,展示了烟草文化在中国的形成,以及中国如何融进世界市场。 | |
| 410 | 0 | @12001 @a先声文丛 |
| 500 | 10 | @aGolden-silk smoke a history of tobacco in China 1550-2010@mChinese |
| 606 | 0 | @a烟草工业@Ayan cao gong ye@x工业史@y中国 |
| 690 | @aF426.89@v5 | |
| 701 | 1 | @a班凯乐@Aban kai le@g(Benedict, Carol)@4著 |
| 702 | 0 | @a皇甫秋实@Ahuang fu qiu shi@4译 |
| 801 | 0 | @aCN@bNMU@c20180824 |
| 905 | @aBZT@dF426.89@e3 | |
| 中国烟草史= Golden-silk smoke a history of tobacco in China 1550-2010/(美) 班凯乐著/皇甫秋实译.-北京:北京大学出版社,2018 |
| 370页:图, 地图;26cm.-(先声文丛) |
| ISBN 978-7-301-29467-3(精装):CNY 75.00 |
| 本书获美国历史学会2011年费正清奖,是一部广受业内外好评的佳作。 作者讲述了新大陆的烟草从16世纪传入中国,开始在中国开始商业种植以来的传播历程。从水烟,烟枪,到手卷烟和现代烟草工业,是一段非常迷人的大众消费和全球经济形成的历史。作者利用了广泛的材料,如笔记、医案、游记、清诗、晚清以来的报纸、民国小说、香烟广告等等,展示了烟草文化在中国的形成,以及中国如何融进世界市场。本书获美国历史学会2011年费正清奖,是一部广受业内外好评的佳作。作者讲述了新大陆的烟草从16世纪传入中国,开始在中国开始商业种植以来的传播历程。从水烟,烟枪,到手卷烟和现代烟草工业,是一段非常迷人的大众消费和全球经济形成的历史。作者利用了广泛的材料,如笔记、医案、游记、清诗、晚清以来的报纸、民国小说、香烟广告等等,展示了烟草文化在中国的形成,以及中国如何融进世界市场。 |
| ● |
| 相关链接 |
|
|
|
正题名:中国烟草史
索取号:F426.89/3
 
预约/预借
| 序号 | 登录号 | 条形码 | 馆藏地/架位号 | 状态 | 备注 |
| 1 | 868399 | 2000868399 | 第二书库/ [索取号:F426.89/3] | 在馆 | |
| 2 | 868400 | 2000868400 | 第二书库/ [索取号:F426.89/3] | 在馆 | |
| 3 | 868401 | 2000868401 | 第二书库/ [索取号:F426.89/3] | 在馆 |